00462nmm a2200133Ia 4500008004100000020001800041041001300059100002700072245007300099264006500172300001700237650002300254856005100277251105s9999||||xx |||||||||||||||||und|| a9781558853737 aspaaeng aLachtman, Ofelia Dumas 0aTina and the scarecrow skins = Tina y las pieles de espantapájaros a[Washington, Estados Unidos] :bArte Público Press, c2002 a32 páginas aAges 6-8 Years Old uhttps://public.digitaliapublishing.com/a/23194